Anorganická chémia

Gespeichert in:
Bibliographische Detailangaben
Hauptverfasser: Šima, Jozef (Verfasst von), Koman, Marian, 1953- (Verfasst von), Kotočová, Adela (Verfasst von), Segľa, Peter, 1956- (Verfasst von), Valigura, Dušan, 1948- (Verfasst von)
Weitere Verfasser: Tatarko, Miroslav 4 aut
Format: Buch
Sprache:Slowakisch
Veröffentlicht: V Bratislave Slovenská technická univerzita 2013
Ausgabe:3. vyd.
Schriftenreihe:Edícia vysokoškolských účebníc
Schlagworte:
Online-Zugang:Im OPAC anzeigen
Tags: Tag hinzufügen
Keine Tags, Fügen Sie das erste Tag hinzu!

MARC

LEADER 00000cam a2200000 a 4500
005 20260217020012.0
008 200318s2013 xo a e n 001 0 slo
015 |a SNBA2014/01 
020 |a 9788022740685  |q (brož.) 
035 |a vtls010564138 
035 |a urn:nbn:sk:snk-am00a0hx 
035 |a urn:nbn:sk:snk-am3hc7s 
035 |a E58C7982-ABCC-4ECF-B3E0-6BDE0FDAAF3C 
039 9 |a 202005211016  |b AUTHORITY  |c 202005210934  |d AUTHORITY  |c 202005210932  |d AUTHORITY  |c 202003181646  |d VLOAD  |y 201312101107  |z mschk03 
040 |a STUSCHK1  |b slo  |c STUSCHK1  |d SNK  |e AACR2 
041 0 |a slo 
044 |a xo  |c SK 
072 7 |a 546  |x Anorganická chémia  |2 konspekt 
080 |a 546  |2 2001 
080 |a (075.8)  |2 2001 
245 0 0 |a Anorganická chémia  |c J. Šima ... [et al.] 
250 |a 3. vyd. 
260 |a V Bratislave  |b Slovenská technická univerzita  |c 2013 
300 |a 481 s.  |b sch., tab.  |c 25 cm 
490 1 |a Edícia vysokoškolských účebníc 
504 |a Bibliogr.: s. 468 ; reg. 
650 0 7 |a anorganická chémia  |2 SNKPH 
650 0 7 |a Inorganic chemistry  |2 SNKPHeng 
655 7 |a učebnice vysokých škôl  |2 SNKPH 
655 7 |a Textbooks (higher)  |2 SNKPHeng 
700 1 |a Šima, Jozef  |4 aut 
700 1 |a Koman, Marian,  |d 1953-  |4 aut  |9 347 
700 1 |a Kotočová, Adela  |4 aut 
700 1 |a Segľa, Peter,  |d 1956-  |4 aut  |9 374 
700 1 |a Tatarko, Miroslav 4 aut 
700 1 |a Valigura, Dušan,  |d 1948-  |4 aut  |9 166 
752 |a Slovensko  |d Bratislava 
830 0 |a Edícia vysokoškolských účebníc 
910 |a SCHK95 
910 |a snk 
919 |a 978/80/227/4068/5 
958 |a NB 
999 |c 4723  |d 4723 
942 0 0 |0 71